Human Resource Management (Record no. 2375)

MARC details
000 -LEADER
fixed length control field 00343nam a2200145Ia 4500
008 - FIXED-LENGTH DATA ELEMENTS--GENERAL INFORMATION
fixed length control field 191201s2005 xx 000 0 und d
082 ## - DEWEY DECIMAL CLASSIFICATION NUMBER
Classification number 658.3
Item number CHH
100 ## - MAIN ENTRY--PERSONAL NAME
Personal name CHHABRA, T N
245 #0 - TITLE STATEMENT
Title Human Resource Management
250 ## - EDITION STATEMENT
Edition statement 5th
260 ## - PUBLICATION, DISTRIBUTION, ETC. (IMPRINT)
Place of publication, distribution, etc N.Delhi
Name of publisher, distributor, etc Dhanpat Rai Pub (P) Ltd
Date of publication, distribution, etc 2005
300 ## - PHYSICAL DESCRIPTION
Extent 824
650 ## - SUBJECT ADDED ENTRY--TOPICAL TERM
Topical term or geographic name as entry element MBA
942 ## - ADDED ENTRY ELEMENTS (KOHA)
Source of classification or shelving scheme Dewey Decimal Classification
Koha item type Text Books
Holdings
Withdrawn status Lost status Source of classification or shelving scheme Damaged status Not for loan Collection code Home library Current library Date acquired Source of acquisition Cost, normal purchase price Bill Number Total Checkouts Full call number Acc. no. / Barcode Date last seen Bill Date Koha item type
    Dewey Decimal Classification     MBA PIET C-LIBRARY PIET C-LIBRARY 30/08/2006 M/s UDH, Delhi 170.00 10392   658.3 CHH 5094 04/12/2019 16/01/2006 Text Books
    Dewey Decimal Classification     MBA PIET C-LIBRARY PIET C-LIBRARY 22/08/2007 J B C, New Delhi 180.00 716   658.3 CHH 7009 04/12/2019 30/07/2007 Text Books
    Dewey Decimal Classification     MBA PIET C-LIBRARY PIET C-LIBRARY 22/08/2007 J B C, New Delhi 180.00 716   658.3 CHH 7010 04/12/2019 30/07/2007 Text Books
    Dewey Decimal Classification     MBA PIET C-LIBRARY PIET C-LIBRARY 22/08/2007 J B C, New Delhi 180.00 716   658.3 CHH 7011 04/12/2019 30/07/2007 Text Books
    Dewey Decimal Classification     MBA PIET C-LIBRARY PIET C-LIBRARY 22/08/2007 J B C, New Delhi 180.00 716   658.3 CHH 7012 04/12/2019 30/07/2007 Text Books

Design & Developed by: PIET Central Library
R70 Miles Stone Pattikalyana Samalkha Panipat 132102
mail ID :- [email protected], Phone No:- 0180-2569700 Ex.216